ZAMAN USTASININ UZAY YOLCULUĞU (Record no. 782049)
[ view plain ]
| 000 -LEADER | |
|---|---|
| sabit uzunluktaki kontrol alanı | 00268nam a2200097Ia 4500 |
| 001 - KONTROL NUMARASI | |
| kontrol alanı | 782049 |
| 005 - EN SON İŞLEMİN TARİH VE ZAMANI | |
| kontrol alanı | 20250826170156.0 |
| 008 - SABİT-UZUNLUKTA VERİ ÖĞELERİ--GENEL BİLGİ | |
| sabit uzunluktaki kontrol alanı | 250824s9999 xx 000 0 und d |
| 245 #0 - ESER / YAZAR | |
| ESER ADI | ZAMAN USTASININ UZAY YOLCULUĞU |
| Yazar Adı | BİRSEN EKİM ÖZEN |
| 260 ## - YAYIN, DAĞITIM, VB. | |
| YAYIN EVİ | TİMAŞ ÇOCUK YAYINLARI |
| Düşüm durumu | Kayıp durumu | Hasar Durumu | Ödünç verilmez | Ana kütüphane | Geçerli Kütüphane | Edinilen tarih | Toplam ödünç verme sayısı | Barkod | Son görüntüleme tarihi | Fiyatın geçerli olmaya başladığı tarih | Koha materyal türü |
|---|---|---|---|---|---|---|---|---|---|---|---|
| SELÇUKLU İMAM HATİP ORTAOKULU | SELÇUKLU İMAM HATİP ORTAOKULU | 24.08.2025 | 10123790 | 26.08.2025 | 26.08.2025 | Books |